[Event "9th Batavia Chess Tournament"]
[Site "Amsterdam"]
[Date "2017.02.26"]
[Round "3.1"]
[White "Lobron, Eric"]
[Black "Leenhouts, Koen"]
[Result "0-1"]
[BlackElo "2487"]
[WhiteElo "2528"]
[LiveChessVersion "1.4.8"]

1. c4 {[%clk 1:30:35]} g6 {[%clk 1:30:43]} 2. e4 {[%clk 1:29:24]} e5
{[%clk 1:30:20]} 3. Nc3 {[%clk 1:22:48]} Bg7 {[%clk 1:27:56]} 4. g3
{[%clk 1:23:11]} d6 {[%clk 1:19:52]} 5. Bg2 {[%clk 1:22:09]} Be6 {[%clk 1:19:23]}
6. d3 {[%clk 1:16:30]} h5 {[%clk 1:08:51]} 7. f4 {[%clk 1:07:56]} Bg4
{[%clk 1:01:36]} 8. Qc2 {[%clk 0:54:29]} Nc6 {[%clk 0:55:39]} 9. h3
{[%clk 0:51:55]} Be6 {[%clk 0:49:53]} 10. Nf3 {[%clk 0:51:03]} Nge7
{[%clk 0:41:17]} 11. Be3 {[%clk 0:45:10]} Qd7 {[%clk 0:39:07]} 12. Nd5
{[%clk 0:37:26]} O-O {[%clk 0:26:49]} 13. Ng5 {[%clk 0:30:10]} Bxd5
{[%clk 0:19:50]} 14. cxd5 {[%clk 0:27:52]} Nb4 {[%clk 0:19:32]} 15. Qb3
{[%clk 0:18:52]} exf4 {[%clk 0:14:43]} 16. gxf4 {[%clk 0:18:04]} Qb5
{[%clk 0:07:01]} 17. Rd1 {[%clk 0:11:56]} Rae8 {[%clk 0:04:54]} 18. O-O
{[%clk 0:09:52]} Qa5 {[%clk 0:01:49]} 19. Bf2 {[%clk 0:06:32]} Na6
{[%clk 0:01:40]} 20. d4 {[%clk 0:06:04]} Qb6 {[%clk 0:00:52]} 21. Qc2
{[%clk 0:04:13]} Rc8 {[%clk 0:01:00]} 22. a3 {[%clk 0:02:55]} c6 {[%clk 0:01:13]}
23. dxc6 {[%clk 0:03:16]} Rxc6 {[%clk 0:01:29]} 24. Qe2 {[%clk 0:03:14]} Qb3
{[%clk 0:01:02]} 25. Rd3 {[%clk 0:03:20]} Qb5 {[%clk 0:00:42]} 26. Rd2
{[%clk 0:02:41]} Qxe2 {[%clk 0:00:50]} 27. Rxe2 {[%clk 0:03:07]} Rc4
{[%clk 0:00:59]} 28. Rd1 {[%clk 0:02:55]} Nc7 {[%clk 0:01:03]} 29. d5
{[%clk 0:02:16]} Nb5 {[%clk 0:01:31]} 30. Red2 {[%clk 0:02:36]} a6
{[%clk 0:00:58]} 31. Bf1 {[%clk 0:00:48]} Ra4 {[%clk 0:01:06]} 32. Rc1
{[%clk 0:00:56]} Bf6 {[%clk 0:01:19]} 33. Rc4 {[%clk 0:00:54]} Rxc4
{[%clk 0:01:38]} 34. Bxc4 {[%clk 0:01:23]} Rc8 {[%clk 0:01:51]} 35. Bxb5
{[%clk 0:01:09]} axb5 {[%clk 0:02:18]} 36. Kg2 {[%clk 0:01:02]} Rc4
{[%clk 0:02:12]} 37. Kf3 {[%clk 0:00:54]} b4 {[%clk 0:02:11]} 38. e5
{[%clk 0:00:43]} Bxg5 {[%clk 0:00:39]} 39. fxg5 {[%clk 0:01:12]} Nf5
{[%clk 0:00:35]} 40. exd6 {[%clk 0:01:35]} Nxd6 {[%clk 0:00:42]} 41. axb4
{[%clk 0:01:04]} Ne4 {[%clk 0:27:11]} 42. Re2 {[%clk 0:11:02]} Nxg5+
{[%clk 0:22:23]} 43. Kg2 {[%clk 0:11:25]} Ne4 {[%clk 0:19:49]} 44. Be1
{[%clk 0:05:32]} f5 {[%clk 0:16:32]} 45. h4 {[%clk 0:04:52]} Kf7 {[%clk 0:15:57]}
46. Kf3 {[%clk 0:04:39]} Ke7 {[%clk 0:14:05]} 47. Ke3 {[%clk 0:02:47]} Rc1
{[%clk 0:09:22]} 48. Bc3 {[%clk 0:01:59]} Rh1 {[%clk 0:06:33]} 49. Be5
{[%clk 0:01:42]} Rh3+ {[%clk 0:06:11]} 50. Kd4 {[%clk 0:01:44]} Rxh4
{[%clk 0:06:08]} 51. Bb8 {[%clk 0:01:48]} Kf6 {[%clk 0:04:48]} 52. Rc2
{[%clk 0:01:46]} Rg4 {[%clk 0:03:16]} 53. Be5+ {[%clk 0:00:59]} Kg5
{[%clk 0:03:33]} 54. Kd3 {[%clk 0:00:41]} Rg1 {[%clk 0:03:22]} 55. d6
{[%clk 0:00:37]} Rd1+ {[%clk 0:03:46]} 56. Ke3 {[%clk 0:00:41]} Nxd6
{[%clk 0:02:47]} 57. Rg2+ {[%clk 0:01:03]} Kh6 {[%clk 0:03:05]} 58. Bf4+
{[%clk 0:01:27]} Kg7 {[%clk 0:02:54]} 59. Rc2 {[%clk 0:01:53]} Kf6
{[%clk 0:02:14]} 60. Rc7 {[%clk 0:02:17]} g5 {[%clk 0:02:03]} 61. Bxd6
{[%clk 0:02:05]} Rxd6 {[%clk 0:02:25]} 62. Rxb7 {[%clk 0:02:32]} Re6+
{[%clk 0:01:45]} 63. Kf2 {[%clk 0:02:32]} Rc6 {[%clk 0:01:52]} 64. Ke3
{[%clk 0:02:34]} f4+ {[%clk 0:01:09]} 65. Kd3 {[%clk 0:03:02]} Rd6+
{[%clk 0:01:23]} 0-1

[Event "9th Batavia Chess Tournament"]
[Site "Amsterdam"]
[Date "2017.02.26"]
[Round "3.2"]
[White "Cheng, Bobby"]
[Black "Lai, Hing Ting"]
[Result "1-0"]
[BlackElo "2392"]
[WhiteElo "2453"]
[LiveChessVersion "1.4.8"]

1. d4 {[%clk 1:30:57]} e6 {[%clk 1:30:55]} 2. c4 {[%clk 1:30:50]} Nf6
{[%clk 1:31:17]} 3. g3 {[%clk 1:31:14]} d5 {[%clk 1:31:44]} 4. Bg2
{[%clk 1:31:40]} Be7 {[%clk 1:32:09]} 5. Nf3 {[%clk 1:32:05]} O-O
{[%clk 1:32:34]} 6. O-O {[%clk 1:32:31]} c6 {[%clk 1:33:02]} 7. Qc2
{[%clk 1:29:37]} Nbd7 {[%clk 1:33:01]} 8. Rd1 {[%clk 1:26:19]} b6
{[%clk 1:30:58]} 9. Bf4 {[%clk 1:25:53]} Bb7 {[%clk 1:30:15]} 10. Ne5
{[%clk 1:25:48]} Rc8 {[%clk 1:22:15]} 11. Nc3 {[%clk 1:25:29]} Nh5
{[%clk 1:17:15]} 12. Bd2 {[%clk 1:23:02]} Nhf6 {[%clk 1:06:01]} 13. e4
{[%clk 1:15:53]} dxe4 {[%clk 0:50:44]} 14. Nxe4 {[%clk 1:07:24]} Nxe4
{[%clk 0:47:51]} 15. Bxe4 {[%clk 1:07:09]} h6 {[%clk 0:43:12]} 16. Nxd7
{[%clk 0:59:53]} Qxd7 {[%clk 0:43:40]} 17. c5 {[%clk 1:00:03]} Rfd8
{[%clk 0:34:27]} 18. Be3 {[%clk 0:57:18]} Bf6 {[%clk 0:32:17]} 19. b4
{[%clk 0:53:15]} Qe7 {[%clk 0:31:05]} 20. Rab1 {[%clk 0:50:43]} b5
{[%clk 0:25:33]} 21. a4 {[%clk 0:48:52]} a6 {[%clk 0:25:06]} 22. Bg2
{[%clk 0:34:26]} Rd7 {[%clk 0:23:10]} 23. Rd2 {[%clk 0:32:55]} Rcd8
{[%clk 0:22:48]} 24. Rbd1 {[%clk 0:33:20]} g6 {[%clk 0:21:05]} 25. h4
{[%clk 0:32:14]} h5 {[%clk 0:18:12]} 26. Be4 {[%clk 0:16:40]} Qf8
{[%clk 0:14:09]} 27. Rd3 {[%clk 0:17:05]} Qg7 {[%clk 0:13:09]} 28. axb5
{[%clk 0:17:30]} axb5 {[%clk 0:13:34]} 29. Qe2 {[%clk 0:17:56]} Ra8
{[%clk 0:10:24]} 30. Qf3 {[%clk 0:18:21]} Ra6 {[%clk 0:10:40]} 31. Kg2
{[%clk 0:14:51]} Bd8 {[%clk 0:09:46]} 32. Rb3 {[%clk 0:12:48]} Bf6
{[%clk 0:07:47]} 33. Rbd3 {[%clk 0:11:26]} Bd8 {[%clk 0:07:55]} 34. R3d2
{[%clk 0:11:53]} Bc7 {[%clk 0:05:19]} 35. Bg5 {[%clk 0:11:33]} Bd8
{[%clk 0:05:11]} 36. Bf4 {[%clk 0:11:54]} Be7 {[%clk 0:03:40]} 37. Be5
{[%clk 0:11:41]} Qh6 {[%clk 0:03:54]} 38. Qb3 {[%clk 0:05:21]} Rd8
{[%clk 0:02:01]} 39. Ra2 {[%clk 0:05:18]} Rxa2 {[%clk 0:02:01]} 40. Qxa2
{[%clk 0:05:44]} Ra8 {[%clk 0:02:21]} 41. Qb2 {[%clk 0:05:47]} Qf8
{[%clk 0:30:13]} 42. Rd3 {[%clk 0:33:23]} Qe8 {[%clk 0:25:53]} 43. Rf3
{[%clk 0:29:38]} Bc8 {[%clk 0:25:05]} 44. Qc1 {[%clk 0:23:05]} Kh7
{[%clk 0:22:55]} 45. Qf4 {[%clk 0:21:45]} f5 {[%clk 0:22:58]} 46. Bc2
{[%clk 0:21:38]} Bd7 {[%clk 0:20:44]} 47. Bb3 {[%clk 0:21:21]} Bf8
{[%clk 0:20:52]} 48. Bf6 {[%clk 0:17:20]} Bh6 {[%clk 0:13:24]} 49. Bg5
{[%clk 0:14:17]} Bg7 {[%clk 0:12:53]} 50. Re3 {[%clk 0:13:52]} Rc8
{[%clk 0:06:26]} 51. Qd6 {[%clk 0:08:58]} 1-0

[Event "9th Batavia Chess Tournament"]
[Site "Amsterdam"]
[Date "2017.02.27"]
[Round "4.2"]
[White "Cheng, Bobby"]
[Black "Lobron, Eric"]
[Result "1-0"]
[BlackElo "2528"]
[WhiteElo "2453"]
[LiveChessVersion "1.4.8"]

1. d4 {[%clk 1:30:01]} Nf6 {[%clk 1:27:15]} 2. c4 {[%clk 1:30:25]} e6
{[%clk 1:26:54]} 3. g3 {[%clk 1:30:49]} Bb4+ {[%clk 1:24:27]} 4. Bd2
{[%clk 1:30:56]} Qe7 {[%clk 1:22:36]} 5. Bg2 {[%clk 1:31:12]} Nc6
{[%clk 1:16:35]} 6. e3 {[%clk 1:16:23]} d5 {[%clk 1:13:15]} 7. a3
{[%clk 1:09:25]} Bxd2+ {[%clk 1:12:35]} 8. Nxd2 {[%clk 1:09:50]} O-O
{[%clk 1:04:44]} 9. b4 {[%clk 1:07:04]} Rd8 {[%clk 0:57:30]} 10. Ngf3
{[%clk 1:01:22]} e5 {[%clk 0:46:22]} 11. b5 {[%clk 0:54:24]} exd4
{[%clk 0:45:36]} 12. bxc6 {[%clk 0:54:49]} dxe3 {[%clk 0:45:57]} 13. fxe3
{[%clk 0:54:47]} Qxe3+ {[%clk 0:43:21]} 14. Qe2 {[%clk 0:52:39]} Qc5
{[%clk 0:41:33]} 15. Nb3 {[%clk 0:41:14]} Qb6 {[%clk 0:34:46]} 16. Nfd4
{[%clk 0:40:15]} dxc4 {[%clk 0:28:04]} 17. Qxc4 {[%clk 0:35:01]} Re8+
{[%clk 0:26:51]} 18. Kd2 {[%clk 0:23:57]} Be6 {[%clk 0:26:46]} 19. Qb4
{[%clk 0:23:24]} Bxb3 {[%clk 0:21:46]} 20. Qxb6 {[%clk 0:23:46]} cxb6
{[%clk 0:20:30]} 21. Nxb3 {[%clk 0:18:28]} Rad8+ {[%clk 0:19:43]} 22. Kc1
{[%clk 0:15:44]} bxc6 {[%clk 0:18:20]} 23. Rd1 {[%clk 0:14:03]} Rxd1+
{[%clk 0:16:13]} 24. Kxd1 {[%clk 0:14:29]} Re3 {[%clk 0:15:18]} 25. Nd2
{[%clk 0:13:41]} c5 {[%clk 0:14:06]} 26. Nc4 {[%clk 0:11:12]} Rd3+
{[%clk 0:11:43]} 27. Kc2 {[%clk 0:09:33]} Rd4 {[%clk 0:12:07]} 28. Ne5
{[%clk 0:09:37]} h5 {[%clk 0:09:33]} 29. Nc6 {[%clk 0:07:54]} Ra4
{[%clk 0:09:32]} 30. Kb2 {[%clk 0:05:17]} h4 {[%clk 0:04:48]} 31. gxh4
{[%clk 0:05:44]} Rxh4 {[%clk 0:05:08]} 32. h3 {[%clk 0:06:12]} a6
{[%clk 0:04:46]} 33. Rd1 {[%clk 0:03:51]} Rf4 {[%clk 0:04:35]} 34. Rf1
{[%clk 0:04:11]} Ra4 {[%clk 0:05:00]} 35. Rf5 {[%clk 0:02:43]} Kf8
{[%clk 0:01:50]} 36. Kb3 {[%clk 0:02:36]} Rh4 {[%clk 0:02:17]} 37. Bf1
{[%clk 0:02:44]} Ne4 {[%clk 0:02:23]} 38. Ne5 {[%clk 0:02:20]} Ke7
{[%clk 0:02:27]} 39. Nf3 {[%clk 0:02:11]} Rh6 {[%clk 0:01:54]} 40. Re5+
{[%clk 0:02:04]} Re6 {[%clk 0:02:16]} 41. Rxe6+ {[%clk 0:02:20]} Kxe6
{[%clk 0:02:33]} 42. Bxa6 {[%clk 0:02:02]} Nd6 {[%clk 0:02:51]} 43. a4
{[%clk 0:28:29]} Kd5 {[%clk 0:34:15]} 44. Kc3 {[%clk 0:22:08]} f5
{[%clk 0:21:31]} 45. h4 {[%clk 0:08:12]} Ke4 {[%clk 0:15:31]} 46. Ng5+
{[%clk 0:04:49]} Kf4 {[%clk 0:08:55]} 47. Ne6+ {[%clk 0:04:19]} Kg4
{[%clk 0:08:19]} 48. Nxg7 {[%clk 0:04:34]} Kxh4 {[%clk 0:08:43]} 49. Ne6
{[%clk 0:04:02]} Kg3 {[%clk 0:07:57]} 50. Nc7 {[%clk 0:03:57]} Ne4+
{[%clk 0:04:16]} 51. Kc2 {[%clk 0:02:48]} Nf6 {[%clk 0:02:54]} 52. Na8
{[%clk 0:03:14]} Nd5 {[%clk 0:01:48]} 53. Bb7 {[%clk 0:03:02]} Nb4+
{[%clk 0:01:39]} 54. Kd2 {[%clk 0:03:09]} f4 {[%clk 0:01:11]} 55. Nxb6
{[%clk 0:03:07]} f3 {[%clk 0:01:35]} 56. Nc4 {[%clk 0:02:33]} f2 {[%clk 0:01:33]}
57. Ke2 {[%clk 0:02:54]} Na2 {[%clk 0:00:36]} 58. a5 {[%clk 0:02:08]} Nc3+
{[%clk 0:01:03]} 59. Kf1 {[%clk 0:02:36]} Nb5 {[%clk 0:01:27]} 60. a6
{[%clk 0:02:38]} Na7 {[%clk 0:01:31]} 61. Nd6 {[%clk 0:01:46]} 1-0

[Event "9th Batavia Chess Tournament"]
[Site "Amsterdam"]
[Date "2017.02.27"]
[Round "4.3"]
[White "Baron, Tal"]
[Black "Brink, Barry"]
[Result "1/2-1/2"]
[BlackElo "2309"]
[WhiteElo "2544"]
[LiveChessVersion "1.4.8"]

1. e4 e5 {[%clk 1:27:24]} 2. Nf3 {[%clk 1:31:28]} Nc6 {[%clk 1:27:48]} 3. Bb5
{[%clk 1:31:54]} a6 {[%clk 1:27:39]} 4. Ba4 {[%clk 1:32:22]} Nf6 {[%clk 1:27:50]}
5. O-O {[%clk 1:32:49]} b5 {[%clk 1:28:05]} 6. Bb3 {[%clk 1:33:17]} Bc5
{[%clk 1:28:23]} 7. c3 {[%clk 1:29:05]} d6 {[%clk 1:27:57]} 8. a4
{[%clk 1:22:28]} Rb8 {[%clk 1:27:58]} 9. d4 {[%clk 1:22:55]} Bb6 {[%clk 1:28:06]}
10. Na3 {[%clk 1:17:32]} O-O {[%clk 1:27:51]} 11. axb5 {[%clk 1:17:59]} axb5
{[%clk 1:28:07]} 12. Nxb5 {[%clk 1:18:26]} Bg4 {[%clk 1:27:45]} 13. Bc2
{[%clk 1:18:41]} exd4 {[%clk 1:23:51]} 14. cxd4 {[%clk 1:18:05]} d5
{[%clk 1:23:11]} 15. e5 {[%clk 1:16:47]} Ne4 {[%clk 1:23:03]} 16. Ra3
{[%clk 1:17:12]} Bh5 {[%clk 1:13:19]} 17. h3 {[%clk 0:45:39]} f6 {[%clk 1:07:55]}
18. exf6 {[%clk 0:45:56]} Qxf6 {[%clk 0:51:14]} 19. Be3 {[%clk 0:30:21]} 1/2-1/2

[Event "9th Batavia Chess Tournament"]
[Site "Amsterdam"]
[Date "2017.02.27"]
[Round "4.4"]
[White "Van Foreest, Lucas"]
[Black "Fier, Alexandr"]
[Result "1/2-1/2"]
[BlackElo "2581"]
[WhiteElo "2453"]
[LiveChessVersion "1.4.8"]

1. e4 {[%clk 1:18:35]} d5 {[%clk 1:30:52]} 2. exd5 {[%clk 1:18:58]} Nf6
{[%clk 1:31:16]} 3. d4 {[%clk 1:18:19]} Bg4 {[%clk 1:31:05]} 4. f3
{[%clk 1:16:52]} Bf5 {[%clk 1:31:25]} 5. g4 {[%clk 1:14:09]} Bg6 {[%clk 1:30:55]}
6. c4 {[%clk 1:08:09]} e6 {[%clk 1:29:22]} 7. dxe6 {[%clk 1:02:56]} Nc6
{[%clk 1:26:28]} 8. Be3 {[%clk 1:00:15]} Qe7 {[%clk 1:25:08]} 9. Kf2
{[%clk 0:53:37]} O-O-O {[%clk 1:22:52]} 10. Nc3 {[%clk 0:51:35]} fxe6
{[%clk 1:20:21]} 11. Bh3 {[%clk 0:49:14]} Nb4 {[%clk 1:16:50]} 12. Qd2
{[%clk 0:44:09]} Qf7 {[%clk 1:09:34]} 13. Kg2 {[%clk 0:41:01]} Nc2
{[%clk 1:08:32]} 14. Rc1 {[%clk 0:39:51]} Nxd4 {[%clk 1:01:15]} 15. Bxd4
{[%clk 0:40:16]} c5 {[%clk 1:01:41]} 16. Nb5 {[%clk 0:38:30]} cxd4
{[%clk 1:01:58]} 17. Qf4 {[%clk 0:36:55]} b6 {[%clk 0:48:18]} 18. g5
{[%clk 0:29:49]} Ne8 {[%clk 0:47:29]} 19. Ne2 {[%clk 0:28:14]} Bc5
{[%clk 0:44:33]} 20. Rhd1 {[%clk 0:19:59]} Kb7 {[%clk 0:38:20]} 21. Qxf7+
{[%clk 0:19:55]} Bxf7 {[%clk 0:38:45]} 22. Nbxd4 {[%clk 0:19:26]} Nc7
{[%clk 0:39:12]} 23. Bg4 {[%clk 0:16:45]} e5 {[%clk 0:37:35]} 24. Nf5
{[%clk 0:14:39]} g6 {[%clk 0:30:03]} 25. Nfg3 {[%clk 0:15:04]} Be3
{[%clk 0:29:16]} 26. Rxd8 {[%clk 0:14:28]} Rxd8 {[%clk 0:29:43]} 27. Rc2
{[%clk 0:14:50]} Bxg5 {[%clk 0:30:03]} 28. Ne4 {[%clk 0:15:13]} Be7
{[%clk 0:27:50]} 29. b3 {[%clk 0:14:32]} h5 {[%clk 0:23:32]} 30. Bh3
{[%clk 0:14:58]} Kc6 {[%clk 0:23:53]} 31. Kf2 {[%clk 0:13:46]} Ne6
{[%clk 0:23:38]} 32. Bxe6 {[%clk 0:14:11]} Bxe6 {[%clk 0:24:06]} 33. Ke3
{[%clk 0:13:03]} Bf8 {[%clk 0:23:26]} 34. N2c3 {[%clk 0:12:35]} Bh6+
{[%clk 0:23:33]} 35. Ke2 {[%clk 0:12:41]} g5 {[%clk 0:19:40]} 36. Nf6
{[%clk 0:07:40]} g4 {[%clk 0:19:23]} 37. Ncd5 {[%clk 0:07:16]} Rf8
{[%clk 0:17:55]} 38. fxg4 {[%clk 0:07:42]} hxg4 {[%clk 0:18:10]} 39. Rc3
{[%clk 0:07:11]} Bf4 {[%clk 0:17:33]} 40. Rd3 {[%clk 0:00:33]} Bxh2
{[%clk 0:15:49]} 41. Ne4 {[%clk 0:00:31]} Bf5 {[%clk 0:08:21]} 42. Ne7+
{[%clk 0:30:15]} Kc7 {[%clk 0:37:32]} 43. Nxf5 {[%clk 0:30:32]} Rxf5
{[%clk 0:37:58]} 44. Nd6 {[%clk 0:29:49]} Rf8 {[%clk 0:37:00]} 45. Nb5+
{[%clk 0:30:00]} Kb8 {[%clk 0:37:25]} 46. Rd7 {[%clk 0:30:20]} g3
{[%clk 0:33:33]} 47. Rg7 {[%clk 0:26:11]} a6 {[%clk 0:31:28]} 48. Nc3
{[%clk 0:25:03]} Rf2+ {[%clk 0:31:15]} 49. Ke3 {[%clk 0:25:16]} Rc2
{[%clk 0:30:18]} 50. Kd3 {[%clk 0:21:40]} Rg2 {[%clk 0:23:37]} 51. Ke3
{[%clk 0:16:34]} a5 {[%clk 0:22:28]} 52. Ne2 {[%clk 0:14:45]} Kc8
{[%clk 0:20:55]} 53. Rg5 {[%clk 0:15:06]} Kd7 {[%clk 0:20:19]} 54. a3
{[%clk 0:13:34]} Ke6 {[%clk 0:19:04]} 55. Kf3 {[%clk 0:11:21]} Rf2+
{[%clk 0:18:57]} 56. Ke3 {[%clk 0:11:49]} e4 {[%clk 0:18:47]} 57. c5
{[%clk 0:07:16]} bxc5 {[%clk 0:17:38]} 58. Nxg3 {[%clk 0:07:20]} Rf3+
{[%clk 0:13:25]} 59. Kxe4 {[%clk 0:07:46]} Rxg3 {[%clk 0:13:51]} 60. Rxc5
{[%clk 0:08:13]} Rg4+ {[%clk 0:14:09]} 61. Kf3 {[%clk 0:07:06]} Rg3+
{[%clk 0:13:33]} 62. Ke4 {[%clk 0:07:29]} Bg1 {[%clk 0:12:09]} 63. Rxa5
{[%clk 0:07:35]} Re3+ {[%clk 0:12:36]} 64. Kf4 {[%clk 0:07:54]} Rxb3
{[%clk 0:13:03]} 65. Rh5 {[%clk 0:07:52]} Rc3 {[%clk 0:12:57]} 66. Re5+
{[%clk 0:07:27]} Kd6 {[%clk 0:13:23]} 67. Re1 {[%clk 0:07:48]} Bd4
{[%clk 0:13:36]} 68. Re8 {[%clk 0:08:00]} Bb6 {[%clk 0:13:13]} 69. a4
{[%clk 0:08:22]} Ba5 {[%clk 0:13:26]} 70. Kf5 {[%clk 0:08:12]} Rf3+
{[%clk 0:13:30]} 71. Ke4 {[%clk 0:08:25]} Rh3 {[%clk 0:13:54]} 72. Rf8
{[%clk 0:08:45]} Rh4+ {[%clk 0:13:50]} 73. Rf4 {[%clk 0:09:11]} Rh1
{[%clk 0:14:17]} 74. Rf6+ {[%clk 0:09:37]} Ke7 {[%clk 0:14:32]} 75. Rg6
{[%clk 0:09:57]} Rh5 {[%clk 0:14:54]} 76. Rc6 {[%clk 0:10:23]} Kd7
{[%clk 0:15:12]} 77. Rg6 {[%clk 0:10:51]} Bb4 {[%clk 0:15:01]} 78. a5
{[%clk 0:11:05]} Rxa5 {[%clk 0:15:21]} 79. Rg7+ {[%clk 0:11:17]} Kc6
{[%clk 0:15:48]} 80. Rg6+ {[%clk 0:11:43]} Bd6 {[%clk 0:16:16]} 81. Rf6
{[%clk 0:11:49]} Ra4+ {[%clk 0:16:43]} 82. Kd3 {[%clk 0:12:18]} Kd5
{[%clk 0:17:09]} 83. Rf3 {[%clk 0:12:39]} Be5 {[%clk 0:17:29]} 84. Re3
{[%clk 0:13:06]} Bf4 {[%clk 0:17:51]} 85. Rf3 {[%clk 0:13:32]} Rd4+
{[%clk 0:17:56]} 86. Kc3 {[%clk 0:13:51]} Rc4+ {[%clk 0:18:09]} 87. Kd3
{[%clk 0:14:15]} Ra4 {[%clk 0:18:37]} 88. Kc2 {[%clk 0:12:21]} Ke4
{[%clk 0:19:02]} 89. Rc3 {[%clk 0:12:31]} Be5 {[%clk 0:19:21]} 90. Kb3
{[%clk 0:11:24]} Ra6 {[%clk 0:19:32]} 91. Rc4+ {[%clk 0:11:27]} Kd3
{[%clk 0:19:36]} 92. Rc3+ {[%clk 0:11:53]} Ke4 {[%clk 0:19:53]} 93. Rc4+
{[%clk 0:12:21]} Bd4 {[%clk 0:20:18]} 94. Rc8 {[%clk 0:11:50]} Ra1
{[%clk 0:20:26]} 95. Rc6 {[%clk 0:11:39]} Kd5 {[%clk 0:20:15]} 96. Rc8
{[%clk 0:11:55]} Rb1+ {[%clk 0:20:35]} 97. Kc2 {[%clk 0:12:19]} Rb2+
{[%clk 0:20:57]} 98. Kd3 {[%clk 0:12:47]} Rb3+ {[%clk 0:21:23]} 99. Ke2
{[%clk 0:13:13]} Ke4 {[%clk 0:21:47]} 100. Re8+ {[%clk 0:13:42]} Be5
{[%clk 0:22:13]} 101. Ke1 {[%clk 0:14:03]} Rb2 {[%clk 0:22:37]} 102. Re7
{[%clk 0:14:28]} Kd4 {[%clk 0:22:50]} 103. Re8 {[%clk 0:11:59]} Bf4
{[%clk 0:23:15]} 104. Re2 {[%clk 0:11:55]} Rb6 {[%clk 0:23:43]} 105. Re8
{[%clk 0:11:49]} Kd3 {[%clk 0:23:56]} 106. Kf2 {[%clk 0:12:09]} Rf6
{[%clk 0:24:24]} 107. Kg2 {[%clk 0:11:11]} Rf5 {[%clk 0:24:29]} 108. Ra8
{[%clk 0:09:51]} Ke2 {[%clk 0:24:51]} 109. Ra2+ {[%clk 0:09:50]} Bd2
{[%clk 0:25:18]} 110. Kg3 {[%clk 0:10:00]} Rg5+ {[%clk 0:25:44]} 111. Kh4
{[%clk 0:10:09]} Rg1 {[%clk 0:26:04]} 112. Kh5 {[%clk 0:07:39]} Rg2
{[%clk 0:26:30]} 113. Ra3 {[%clk 0:07:15]} Kf2 {[%clk 0:26:31]} 114. Rb3
{[%clk 0:06:52]} Bc1 {[%clk 0:26:37]} 115. Rb1 {[%clk 0:05:23]} Rg1
{[%clk 0:26:57]} 116. Ra1 {[%clk 0:05:40]} Kf3 {[%clk 0:27:21]} 117. Rb1
{[%clk 0:05:55]} Rg5+ {[%clk 0:26:40]} 118. Kh6 {[%clk 0:05:41]} Be3
{[%clk 0:27:06]} 119. Kh7 {[%clk 0:05:28]} Kf4 {[%clk 0:27:03]} 120. Rb4+
{[%clk 0:05:49]} Kf3 {[%clk 0:27:26]} 121. Rb8 {[%clk 0:05:05]} Bd4
{[%clk 0:27:14]} 122. Kh6 {[%clk 0:05:01]} Rg1 {[%clk 0:27:07]} 123. Rb3+
{[%clk 0:04:53]} Ke4 {[%clk 0:27:33]} 124. Rb4 {[%clk 0:05:01]} Ke5
{[%clk 0:27:58]} 125. Kh5 {[%clk 0:03:58]} Kf5 {[%clk 0:28:15]} 126. Rxd4
{[%clk 0:04:22]} Rh1+ {[%clk 0:28:42]} 127. Rh4 {[%clk 0:04:49]} Rxh4+
{[%clk 0:29:10]} 128. Kxh4 1/2-1/2

[Event "9th Batavia Chess Tournament"]
[Site "Amsterdam"]
[Date "2017.02.27"]
[Round "4.5"]
[White "Lai, Hing Ting"]
[Black "Timmermans, Mark"]
[Result "1-0"]
[BlackElo "2415"]
[WhiteElo "2392"]
[LiveChessVersion "1.4.8"]

1. d4 {[%clk 1:30:56]} Nf6 {[%clk 1:24:30]} 2. Nf3 {[%clk 1:30:31]} d5
{[%clk 1:24:44]} 3. Bf4 {[%clk 1:30:29]} e6 {[%clk 1:25:06]} 4. e3
{[%clk 1:30:03]} Bd6 {[%clk 1:25:13]} 5. Nbd2 {[%clk 1:29:50]} O-O
{[%clk 1:23:00]} 6. Bg3 {[%clk 1:28:40]} c5 {[%clk 1:21:51]} 7. c3
{[%clk 1:27:38]} b6 {[%clk 1:20:48]} 8. Bd3 {[%clk 1:24:41]} Bb7 {[%clk 1:18:14]}
9. Ne5 {[%clk 1:19:16]} Ne4 {[%clk 1:17:07]} 10. Qc2 {[%clk 1:10:43]} f5
{[%clk 1:12:57]} 11. Bxe4 {[%clk 1:08:47]} fxe4 {[%clk 1:12:31]} 12. O-O-O
{[%clk 0:50:48]} cxd4 {[%clk 1:10:41]} 13. exd4 {[%clk 0:50:32]} Bxe5
{[%clk 1:11:07]} 14. dxe5 {[%clk 0:50:42]} Qg5 {[%clk 1:09:14]} 15. Kb1
{[%clk 0:29:32]} Ba6 {[%clk 1:01:04]} 16. Ka1 {[%clk 0:26:33]} Bd3
{[%clk 0:56:42]} 17. Qc1 {[%clk 0:26:34]} Nd7 {[%clk 0:56:33]} 18. f4
{[%clk 0:25:28]} Qe7 {[%clk 0:53:04]} 19. Nb3 {[%clk 0:25:05]} b5
{[%clk 0:51:11]} 20. Nd4 {[%clk 0:23:18]} Rac8 {[%clk 0:50:57]} 21. Rxd3
{[%clk 0:15:18]} exd3 {[%clk 0:51:08]} 22. Qe3 {[%clk 0:15:31]} b4
{[%clk 0:47:43]} 23. cxb4 {[%clk 0:12:45]} Qxb4 {[%clk 0:48:08]} 24. Qxd3
{[%clk 0:11:45]} Nc5 {[%clk 0:47:09]} 25. Qe3 {[%clk 0:11:56]} Rb8
{[%clk 0:46:26]} 26. Rb1 {[%clk 0:08:18]} Rb6 {[%clk 0:46:52]} 27. Be1
{[%clk 0:08:01]} Qc4 {[%clk 0:45:12]} 28. b3 {[%clk 0:06:49]} Qd3
{[%clk 0:43:08]} 29. Bd2 {[%clk 0:06:56]} Ra6 {[%clk 0:40:39]} 30. g3
{[%clk 0:05:01]} g5 {[%clk 0:36:26]} 31. f5 {[%clk 0:03:21]} Qxe3
{[%clk 0:36:38]} 32. Bxe3 {[%clk 0:03:49]} exf5 {[%clk 0:36:50]} 33. Bxg5
{[%clk 0:03:52]} Re8 {[%clk 0:28:25]} 34. Bf4 {[%clk 0:03:06]} Rf8
{[%clk 0:24:42]} 35. Rd1 {[%clk 0:02:05]} Ne4 {[%clk 0:24:44]} 36. Rc1
{[%clk 0:02:10]} Nf2 {[%clk 0:21:12]} 37. e6 {[%clk 0:02:01]} Re8
{[%clk 0:21:12]} 38. Rc7 {[%clk 0:01:27]} Nd3 {[%clk 0:20:39]} 39. Kb1
{[%clk 0:00:47]} Raxe6 {[%clk 0:16:59]} 40. Nxe6 {[%clk 0:01:05]} Rxe6
{[%clk 0:17:25]} 41. Rxa7 {[%clk 0:15:23]} Re2 {[%clk 0:47:29]} 42. Bc1
{[%clk 0:14:57]} d4 {[%clk 0:45:48]} 43. Ra4 {[%clk 0:14:21]} Nxc1
{[%clk 0:39:18]} 44. Kxc1 {[%clk 0:14:48]} d3 {[%clk 0:39:43]} 45. h4
{[%clk 0:09:27]} Rc2+ {[%clk 0:38:49]} 46. Kd1 {[%clk 0:09:39]} Kf7
{[%clk 0:38:35]} 47. b4 {[%clk 0:07:40]} Ke6 {[%clk 0:37:33]} 48. Ra5 Rb2
{[%clk 0:33:08]} 49. a3 {[%clk 0:06:10]} h5 {[%clk 0:31:27]} 50. Rc5
{[%clk 0:04:59]} Rb3 {[%clk 0:31:52]} 51. Kd2 {[%clk 0:05:01]} Rxa3
{[%clk 0:32:17]} 52. Rc3 {[%clk 0:05:23]} Ra2+ {[%clk 0:28:04]} 53. Kxd3
{[%clk 0:05:42]} f4 {[%clk 0:28:31]} 54. gxf4 {[%clk 0:05:18]} Rh2
{[%clk 0:27:10]} 55. Ke4 {[%clk 0:04:14]} Rxh4 {[%clk 0:27:07]} 56. b5
{[%clk 0:03:23]} Rh1 {[%clk 0:24:02]} 57. Rc6+ {[%clk 0:02:33]} Ke7
{[%clk 0:23:57]} 58. Rh6 {[%clk 0:02:33]} h4 {[%clk 0:24:11]} 59. b6
{[%clk 0:02:04]} h3 {[%clk 0:23:59]} 60. b7 {[%clk 0:02:18]} Rb1 {[%clk 0:24:02]}
61. Rxh3 {[%clk 0:01:58]} Kf6 {[%clk 0:23:52]} 62. Rh7 {[%clk 0:02:19]} Rb4+
{[%clk 0:23:28]} 63. Kd5 {[%clk 0:02:23]} Kf5 {[%clk 0:22:37]} 64. Kc6
{[%clk 0:02:36]} Rc4+ {[%clk 0:23:02]} 65. Kb6 {[%clk 0:02:50]} Rb4+
{[%clk 0:22:56]} 66. Kc7 {[%clk 0:03:03]} Rc4+ {[%clk 0:23:14]} 67. Kd8
{[%clk 0:03:20]} Rb4 {[%clk 0:23:31]} 68. Kc8 {[%clk 0:03:43]} 1-0